|
|
|
|
| LEADER |
01069nam a22002772i 4500 |
| 001 |
001484401 |
| 003 |
CZ BrMZK |
| 005 |
20160321084938.0 |
| 007 |
ta |
| 008 |
150818s1950 xr f er|||||||||||lat d |
| 015 |
|
|
|a cnb000503775
|
| 035 |
|
|
|a (OCoLC)85306579
|
| 040 |
|
|
|a ABA001
|b cze
|c BOA001
|d ABA001
|e rda
|d BOA001
|
| 100 |
1 |
|
|a Jedlička, Josef,
|d 1912-1959
|7 jk01051413
|4 aut
|
| 245 |
1 |
0 |
|a Monographia specierum europaearum gen. :
|b Plagiothecium s.s. Icones... /
|c Josef Jedlička
|
| 264 |
|
1 |
|a Brno :
|b Přírodovědecká fakulta Masarykovy university,
|c 1950
|
| 300 |
|
|
|a 8 stran, 32 příloh ;
|c 8°
|
| 336 |
|
|
|a text
|b txt
|2 rdacontent
|
| 337 |
|
|
|a bez média
|b n
|2 rdamedia
|
| 338 |
|
|
|a svazek
|b nc
|2 rdacarrier
|
| 490 |
1 |
|
|a Spisy vydávané Přírodovědeckou fakultou Masarykovy university ;
|v řada L4, číslo 318
|
| 830 |
|
0 |
|a Spisy vydávané Přírodovědeckou fakultou Masarykovy university
|
| 910 |
|
|
|a BOA001
|b 2-0265.393
|
| 990 |
|
|
|a BK
|
| 991 |
|
|
|b 201508
|
| 996 |
7 |
|
|b 2618716262
|c 2-0265.393
|l MZK
|r Sklad / do 24 hodin
|n 0
|w 001519565
|u 000010
|a 1
|e BOA001
|j MZK50
|s A
|